| 000 | 00616nam a2200193 a 4500 | ||
|---|---|---|---|
| 001 | 000023613 | ||
| 005 | 20200930022340.0 | ||
| 008 | 101215s1969 sp ac r 000 0 spa d | ||
| 040 |
_aDO-SdBNP _bspa _cBNPHU |
||
| 082 |
_aNNN _bD314R |
||
| 100 | 1 |
_aDefoe, Daniel, _d(1661?-1731). _940733 |
|
| 245 | 1 | 0 |
_aRobinson Crusoe / _cDaniel Defoe ; prólogo de Juan Perucho. |
| 260 |
_aMadrid : _bSalvat Editores, Alianza, _c1969. |
||
| 300 |
_a225, [2] p. ; _c19 cm. |
||
| 490 | 1 |
_aBiblioteca básica salvat _v23 |
|
| 700 | 1 |
_aPerucho, Juan _epról. _948652 |
|
| 830 | 0 |
_aBiblioteca básica salvat ; _v23 _917630 |
|
| 049 | _aBNGR | ||
| 999 |
_c23109 _d23109 |
||